000 00912nas a22002771i 4500
001 1511
003 ES-MaACL
005 20250728235801.0
007 t|
008 950801d18691873sp m|ype | 1 ||pa d
022 _a2172-7120
040 _cES-MaACL
080 _a67
245 0 3 _aEl Museo de la industria :
_brevista mensual de las artes industriales /
_c[dir.] E. de Mariátegui.
260 _aMadrid :
_bE. de Mariátegui,
_c1869-1873
_f(Imp. y Est. de M. Rivadeneyra)
300 _a2 volúmenes :
_bilustraciones ;
_c32 cm.
310 _aMensual
362 1 _aAño 1, n. 1 (oct.-sept. 1869/1870)-1873.
650 4 _aIndustrias y profesiones varias
_913745
650 7 _aIndustria
_2embne
_913713
700 1 _aMariátegui, Eduardo de.
_9129511
852 _aES-MaACL
_dOlim: Hem-241
_dOlim: G-1-2
866 0 _o(1870)1871(1872).
942 _2udc
_cPERIODICA
_n0
999 _c1511
_d1511